000 01250nam a2200361 i 4500
003 EG-GICUC
005 20260501134438.0
008 260501s1949 nyu |||f |||| 001 0 eng d
020 _a0070162670
040 _aEG-GiCUC
_beng
_cEG-GiCUC
_dEG-GiCUC
_eRda
041 _aeng
082 0 4 _221
_a343.81
_bOH . A
092 0 4 _221
099 _aLaw1 10 343.81 OH . A 1949 1011364 C1
100 1 _aO'Hara, Charles E.
_eAuthor.
245 1 0 _aAn Introduction To Criminalistics :
_bThe Application Of The Physical Sciences To The Detection Of Crime /
_cBy Charles E. O'Hara, James W. Osterburg.
264 1 _aNew York :
_bThe MacMillan Company,
_c1949.
300 _a705 page :
_bIllustrations ;
_c24 cm.
336 _2rda contenu
_a texte
337 _2rda medias
_aOrdinateur
338 _2 transporteur rda
_a Ressource en ligne
500 _aIndex Pages : 697-705.
504 _aBibliography: pages 200-250.
546 _aText in English
650 1 4 _aCriminal Law
_2qrmak
650 1 4 _aScientific Police Investigation
_2qrmak
650 1 _aCriminalistics
_2qrmak
651 1 _2qrmak
700 1 _aOsterburg, James W.
_eAuthor.
856 4 0 _uhttps://fll.law.cu.edu.eg/fulltext/bks/B10-11364.pdf
905 _a164
942 _2ddc
_n0
_cBK
_e21
999 _c74639
_d74639